Immunobiology of Natural Killer Cell Receptors

(will follow).

Bibliographic Details
Corporate Author: SpringerLink (Online service)
Other Authors: Compans, R.W (Editor), Cooper, M.D (Editor), Honjo, T. (Editor), Koprowski, H. (Editor), Melchers, F. (Editor), Oldstone, M.B.A (Editor), Olsnes, S. (Editor), Potter, M. (Editor), Vogt, P.K (Editor), Wagner, H. (Editor), Vivier, Eric (Editor), Colonna, Marco (Editor)
Format: Electronic eBook
Language:English
Published: Berlin, Heidelberg : Springer Berlin Heidelberg, 2006.
Series:Current Topics in Microbiology and Immunology, 298
Subjects:
Online Access:Full Text via HEAL-Link
LEADER 02884nam a22005655i 4500
001 978-3-540-27743-9
003 DE-He213
005 20150520191214.0
007 cr nn 008mamaa
008 100301s2006 gw | s |||| 0|eng d
020 |a 9783540277439  |9 978-3-540-27743-9 
024 7 |a 10.1007/3-540-27743-9  |2 doi 
040 |d GrThAP 
050 4 |a QR180-189.5 
072 7 |a MJCM  |2 bicssc 
072 7 |a MED044000  |2 bisacsh 
082 0 4 |a 616.079  |2 23 
245 1 0 |a Immunobiology of Natural Killer Cell Receptors  |h [electronic resource] /  |c edited by R.W. Compans, M.D. Cooper, T. Honjo, H. Koprowski, F. Melchers, M.B.A. Oldstone, S. Olsnes, M. Potter, P.K. Vogt, H. Wagner, Eric Vivier, Marco Colonna. 
264 1 |a Berlin, Heidelberg :  |b Springer Berlin Heidelberg,  |c 2006. 
300 |a VIII, 284 p.  |b online resource. 
336 |a text  |b txt  |2 rdacontent 
337 |a computer  |b c  |2 rdamedia 
338 |a online resource  |b cr  |2 rdacarrier 
347 |a text file  |b PDF  |2 rda 
490 1 |a Current Topics in Microbiology and Immunology,  |x 0070-217X ;  |v 298 
505 0 |a Strategies of Natural Killer Cell Recognition and Signaling -- Signal Transduction in Natural Killer Cells -- Transcriptional Regulation of NK Cell Receptors -- Extending Missing-Self? Functional Interactions Between Lectin-like Nkrp1 Receptors on NK Cells with Lectin-like Ligands -- The CD2 Family of Natural Killer Cell Receptors -- Immunobiology of Human NKG2D and Its Ligands -- NKG2 Receptor-Mediated Regulation of Effector CTL Functions in the Human Tissue Microenvironment -- Dendritic Cell-NK Cell Cross-Talk: Regulation and Physiopathology -- NK Cell Activating Receptors and Tumor Recognition in Humans -- NK Cell Recognition of Mouse Cytomegalovirus-Infected Cells -- NK Cell Receptors Involved in the Response to Human Cytomegalovirus Infection -- The Impact of Variation at the KIR Gene Cluster on Human Disease -- NK Cells in Autoimmune Disease. 
520 |a (will follow). 
650 0 |a Medicine. 
650 0 |a Immunology. 
650 1 4 |a Biomedicine. 
650 2 4 |a Immunology. 
700 1 |a Compans, R.W.  |e editor. 
700 1 |a Cooper, M.D.  |e editor. 
700 1 |a Honjo, T.  |e editor. 
700 1 |a Koprowski, H.  |e editor. 
700 1 |a Melchers, F.  |e editor. 
700 1 |a Oldstone, M.B.A.  |e editor. 
700 1 |a Olsnes, S.  |e editor. 
700 1 |a Potter, M.  |e editor. 
700 1 |a Vogt, P.K.  |e editor. 
700 1 |a Wagner, H.  |e editor. 
700 1 |a Vivier, Eric.  |e editor. 
700 1 |a Colonna, Marco.  |e editor. 
710 2 |a SpringerLink (Online service) 
773 0 |t Springer eBooks 
776 0 8 |i Printed edition:  |z 9783540260837 
830 0 |a Current Topics in Microbiology and Immunology,  |x 0070-217X ;  |v 298 
856 4 0 |u http://dx.doi.org/10.1007/3-540-27743-9  |z Full Text via HEAL-Link 
912 |a ZDB-2-SBL 
950 |a Biomedical and Life Sciences (Springer-11642)